United States of Fallout - Statistics

General Stats
  • This quiz has been taken 33 times
    6 since last reset
  • The average score is 14 of 19
Answer Stats
First Visited In... Answer % Correct
Fallout 1 California
100%
Fallout 3 Alaska
75%
Fallout: New Vegas Arizona
75%
Fallout Tactics Kansas
75%
Fallout 4 Maine
75%
Fallout 3 Maryland
75%
Fallout 4 Massachusetts
75%
Fallout Tactics Missouri
75%
Fallout 2 Nevada
75%
Fallout 76 Ohio
75%
Fallout 2 Oregon
75%
Fallout 3 Pennsylvania
75%
Fallout: New Vegas Utah
75%
Fallout 3 Virginia
75%
Fallout 3 Washington D.C.
75%
Fallout 76 West Virginia
75%
Fallout Tactics Colorado
50%
Fallout Tactics Illinois
50%
Fallout 76 New Jersey
50%
No matching quizzes found
Score Distribution
Percent of People with Each Score
Percentile by Number Answered
Your Score History
You have not taken this quiz since the last reset